| 000 | 01063nam a2200265 a 4500 | ||
|---|---|---|---|
| 001 | 2565080 | ||
| 003 | OSt | ||
| 005 | 20210308122250.0 | ||
| 008 | 950201s1994 ck bl f001 0 spa | ||
| 040 |
_aDLC _cCO-JMCR |
||
| 041 | 0 | _aspa | |
| 043 | _as-ck--- | ||
| 082 | 0 | 4 |
_a343.03 / _bC718r _223 |
| 110 | 1 |
_aColombia. _bMinisterio de Hacienda y Crédito Público _97620 |
|
| 245 | 1 | 0 |
_aReformas económicas : _badministración Gaviría / _cRepública de Colombia. |
| 260 |
_aColombia : _bMinisterio de Hacienda y Crédito Público, _c[1994?] |
||
| 300 |
_a2 volúmenes ; _c24 cm. |
||
| 505 |
_gv.1 / _rDe las normas generales en materia de cambios internacionales _gv.2 / _rDe las disposiciones relasionadas con los cambios internacionales |
||
| 650 | 1 | 4 |
_aReforma ley _zColombia. _914536 |
| 650 | 2 | 4 |
_aReforma económica _97328 |
| 651 | 0 |
_aColombia _xEconomía política _914537 |
|
| 710 | 1 |
_aColombia. _bMinisterio de Hacienda y Crédito Público. _97620 |
|
| 942 |
_2ddc _cBK |
||
| 999 |
_c7489 _d7489 |
||